Minuloroční králi Tatier s prvenstvami

Bibliographic Details
Format: Article
Language:Slovak
ISSN:1210-2423
Subjects:

MARC

LEADER 00000nab a2200000 ar4500
001 vtls011589808
003 SK-MaSNL
005 20260303082454.0
008 161028c2016 xo wr|p|||||||000 b|slo
038 |a PPPK 
040 |a PPPKCL  |b slo  |c PPPKCL  |e AACR2 
041 0 |a slo 
044 |a xo  |c SK 
080 |a 796.422.093  |x (437.6)  |2 2011 
245 0 0 |a Minuloroční králi Tatier s prvenstvami 
500 |a Autor článku nie je uvedený. 
600 1 7 |a Mihoková, Timea  |2 pppkcl  |9 1087396 
600 1 7 |a Orolín, Pavol  |2 pppkcl  |9 1086487 
610 2 7 |a BK Poprad  |2 pppkcl  |9 1087420 
611 2 7 |a Memoriál Pavla Antala  |n (22. :  |d 2016 :  |c Štrbské Pleso, Slovensko)  |2 pppkcl  |9 1087421 
648 7 |a 24.9.2016  |2 pppkcl  |9 1087422 
650 0 7 |a beh  |2 pppkcl  |9 3281 
650 0 7 |a bežecké preteky  |2 pppkcl  |9 31134 
651 7 |a Štrbské Pleso (Štrba, Slovensko)  |2 pppkcl  |9 174790 
773 0 |t Podtatranské noviny  |g Roč. LVI, č. 40 (2016), s. 5  |x 1210-2423 
852 |a PPPK  |b KIS3GCP 
999 |c 1788043  |d 1789973